| 000 | 00949nam a22002897a 4500 | ||
|---|---|---|---|
| 001 | 9429 | ||
| 003 | FISKH | ||
| 005 | 20260106151238.0 | ||
| 008 | 260106b cb ||||| |||| 00| 0 eng d | ||
| 020 | _a0516012142 | ||
| 040 |
_aFISKH _beng _cFISKH _dFISKH |
||
| 050 | _aQL751 .W66 | ||
| 082 | _a591.51 | ||
| 100 |
_aWong, Ovid K. _eAuthor |
||
| 245 |
_aExperiments with animal behaviors / _cBy Ovid K. Wong, Ph. D. |
||
| 260 |
_aChicago : _bChildren Press , _c1988 |
||
| 300 |
_a42 pages : _bpictures ; _c22 cm |
||
| 490 |
_aNew true books : _vScience experiments |
||
| 505 | _aR | ||
| 520 | _aInstructions for a variety of simple experiments examining the reflex, instinctive, and conditioned behavior of such animals as mealworms, fruit flies, and goldfish. | ||
| 521 | 8 |
_a700
_bLexile estimate |
|
| 521 | 8 |
_aR
_bRaz-Plus |
|
| 650 |
_aScience _vAnimal experiments |
||
| 650 |
_aWorm _vAnt |
||
| 942 |
_2ddc _cBK _n0 |
||
| 999 |
_c9429 _d9429 |
||